Statistics for American Capitals With Six Letters - One Minute Sprint

Click here to take the quiz!

General Stats

  • This quiz has been taken 54 times
  • The average score is 3 of 5

Answer Stats

capital% Correct
Ottawa
91%
Havana
84%
Bogotá
68%
Roseau
55%
Nassau
50%

Score Distribution

Percentile by Number Answered

Percent of People with Each Score

Your Score History

You have not taken this quiz